| 000 | 00405nam a22001697a 4500 | ||
|---|---|---|---|
| 005 | 20180312145258.0 | ||
| 008 | 160620b xxu||||| |||| 00| 0 eng d | ||
| 020 | _a978-81-203-2126-7 | ||
| 041 | _aeng | ||
| 082 |
_b8464 _a332.6 |
||
| 100 |
_aAlexander, Gorden J and others _92281 |
||
| 245 | _aFundamentals of Investments | ||
| 260 | _bPHI | ||
| 300 | _a691 | ||
| 650 |
_aManagement _9241 |
||
| 942 | _cBK | ||
| 999 |
_c3236 _d3235 |
||